Statistics for Countries With Most Public Holidays

Click here to take the quiz!

General Stats

  • This quiz has been taken 66 times
  • The average score is 7 of 13

Answer Stats

#Country% Correct
17China
88%
15Japan
84%
21India
82%
16Pakistan
64%
15Malaysia
57%
18Philippines
57%
16Thailand
50%
15Vietnam
48%
15Argentina
43%
15Sweden
41%
16Turkey
36%
18Colombia
32%
15Lithuania
9%

Score Distribution

Percentile by Number Answered

Percent of People with Each Score

Your Score History

You have not taken this quiz